Autour du Comité international olympique - Statistiques

Statistiques générales
  • Ce quiz a été pris 3 fois
  • Le résultat moyen est 30 sur 89
Statistiques - réponses
Hint Question Indice Réponse % Correct
Quelques données d'histoire Il est devenu une organisation internationale non gouvernementale en Cette année là, François Mitterrand est élu président de la République {1981}
100%
Quelques données d'histoire Par qui ? 1863-1937 Pierre {de Coubertin}
100%
Fonctionnement Gian-Franco Kasper {suisse}
100%
Fonctionnement Denis Oswald {suisse}
100%
Fonctionnement Il est depuis 1915 en Sources du Rhône et du Rhin {Suisse}
100%
Fonctionnement Le président est élu pour Dernier Henri ou Edouard en Angleterre {8} ans
67%
Les symboles - Drapeau Noir {Afrique}
67%
Fonctionnement Le président est de nationalité Compatriote de Beethoven {allemande}
67%
Les symboles - Drapeau Rouge {Amérique}
67%
Les symboles - Drapeau Jaune {Asie}
67%
Fonctionnement Le directeur général est de nationalité... Christophe De Kepper {belge}
67%
Les symboles - Serment Le premier a été prononcé par un athlète de nationalité Victor Boin {belge}
67%
Les symboles - Drapeau Ses six couleurs sont Pur {Blanc}
67%
Les symboles - Drapeau Couleur du ciel {Bleu}
67%
Fonctionnement Yu Zaiqing {chinoise}
67%
Les symboles - Serment et un... Coach {entraîneur}
67%
Fonctionnement Le président est un ancien sportif, il pratiquait le/la/l' Discipline de fer {escrime}
67%
Les Présidents depuis 1894 1952/1972 Avery Brundage {Etats-Unis}
67%
Les symboles - Drapeau On associe parfois une couleur à un continent (démenti par le CIO)... Comment ? Bleu {Europe}
67%
Quelques données d'histoire Nationalité du créateur {Française}
67%
Les Présidents depuis 1894 1896/1925 Pierre de Coubertin {France}
67%
Les symboles - Drapeau Fait l'oeuf {Jaune}
67%
Les symboles - Drapeau Couleur de blouson {Noir}
67%
Les symboles - Drapeau Vert {Océanie}
67%
Les symboles - Crédo Le credo olympique considère qu'il est plus important de Entrer dans la danse {participer}
67%
Les symboles - Serment D'or à suivre {règles} qui les régissent,
67%
Les symboles - Drapeau Fleuve du Vietnam {Rouge}
67%
Fonctionnement Depuis 2013, le président est Jean-Sébastien est mieux connu Thomas {Bach}
67%
Les symboles - Drapeau Sinople pour l'héraldiste {Vert}
67%
Fonctionnement Le CIO désigne les Recevantes villes {hôtes}
67%
Quelques données d'histoire Année de création Le président Sadi-Carnot est assassiné cette même année {1894}
33%
Les symboles - Flamme Le relais de la flamme est apparu en... Année du Front Populaire en France {1936}
33%
Fonctionnement Anita DeFrantz {américaine}
33%
Fonctionnement Angela Ruggiero {américaine}
33%
Les symboles - Flamme La flamme est allumée pour la 1ère fois à... Chanté par Brel {Amsterdam}
33%
Les symboles - Drapeau Il flotte pour la 1ère fois lors des jeux d'/de (lieu) Le diamant y est roi {Anvers}
33%
Les symboles - Hymne Il est joué pour la 1ère fois à... Cité du Parthénon {Athènes} en 1896
33%
Les Présidents depuis 1894 1925/1942 Henri de Baillet-Latour {Belgique}
33%
Les Présidents depuis 1894 2001/2013 Jacques Rogge {Belgique}
33%
Fonctionnement Le musée olympique est le Médaille d'argent {deuxième} musée le plus visité de ce pays
33%
Les symboles - Drapeau Ces couleurs rappellent les Bannières {drapeaux} de toutes les nations
33%
Quelques données d'histoire et l' Elle peut être cordiale {entente} entre les peuples
33%
Les Présidents depuis 1894 1980/2001 Juan Antonio Samaranch {Espagne}
33%
Fonctionnement Juan Antonio Samaranch Jr {espagnole}
33%
Les symboles - Crédo que de Remporter {gagner}
33%
Les symboles - Serment Il est prononcé par un sportif du pays hôte qui tient un pan du drapeau dans la main... droite/gauche {gauche}
33%
Les Présidents depuis 1894 De quel pays venaient-ils ? 1894/1896 Dimitrios Vikélas {Grèce}
33%
Les symboles - Serment Aujourd'hui, un serment légèrement différent est aussi prononcé par un Arbitre {juge}
33%
Quelques données d'histoire qui l'a offert au Musée olympique de Sur le lac Léman {Lausanne}
33%
Fonctionnement Nicole Hoewertsz {néerlandaise}
33%
Les symboles - Flamme Elle est allumée en Grèce à... Sanctuaire antique {Olympie}
33%
Fonctionnement Son siège social a été de 1894 à 1915 à Ne s'est pas fait en un jour {Paris}
33%
Les symboles - Serment Immense renom pour la {gloire} du sport et
33%
Les Présidents depuis 1894 1946/1952 Sigfrid Edström {Suède}
33%
Fonctionnement Sergey Bubka {ukrainienne}
33%
Fonctionnement Le CIO compte aujourd'hui Année de naissance de Pausanias {115} membres
0%
Les symboles - Drapeau Le drapeau a été conçu par le fondateur en A vu élire à la présidence Raymond Poincaré {1913}
0%
Les symboles - Drapeau Il flotte pour la 1ère fois en (année) L'Eglise a canonisé Jeanne d'Arc cette même année {1920}
0%
Les symboles - Flamme La flamme est allumée pour la 1ère fois en... Cette année-là les Français découvrent la Taxe sur les produits pétroliers {1928}
0%
Les symboles - Hymne Il ne devient officiel qu'en Cette année-là, Albert Camus reçoit le Nobel de Littérature {1957}
0%
Les symboles - Serment Retrouvez les mots manquants Participants Au nom de tous les {concurrents}
0%
Les symboles - Hymne Son titre est Poème en musique {Cantate}
0%
Quelques données d'histoire en promouvant la Même les vases en profitent {communication}
0%
Quelques données d'histoire Lors du premier Réunion au sommet {congrès} olympique
0%
Les symboles - Serment Bon esprit dans un esprit de {sportivité},
0%
Les symboles - Serment agissant conformément et en {suivant} les
0%
Quelques données d'histoire le Loyauté sportive {fair-play}
0%
Fonctionnement Robin Mitchell {fidjienne}
0%
Les symboles - Hymne Les paroles et la musique ont été écrits par des artistes de nationalité Comme la Belle Hélène {grecque}
0%
Fonctionnement Willi Kaltschmitt Lujan {guatémaltèque}
0%
Les symboles - Devise La devise olympique a été formulée par le Père Fondatrice de Carthage Henri {Didon}
0%
Les Présidents depuis 1894 1972/1980 Michael Morris {Irlande}
0%
Les symboles - Serment garantis je {promets}
0%
Les symboles - Serment Code moral l'{honneur} de nos équipes
0%
Quelques données d'histoire Le but du créateur était notamment de contribuer à bâtir un cool monde {pacifique}
0%
Les symboles - Flamme dans la région du... Péninsule {Péloponnèse}
0%
Les symboles - Crédo C'est une idée de l'évêque de Ethelbert Talbot {Pennsylvanie}
0%
Quelques données d'histoire Sa devise a été pendant 127 ans (en français ou en latin) Plus vite, plus haut, plus fort | Citius, altius, fortius
0%
Quelques données d'histoire Sa devise actuelle est (en français) + 1 mot Plus vite, plus haut, plus fort, ensemble
0%
Les symboles - Flamme La grande Vestale ou bacchante {prêtresse}
0%
Les symboles - Serment observant que nous prendrons part à ces Jeux olympiques en {respectant}
0%
Les symboles - Flamme remet le flambeau au 1er A un témoin {relayeur}
0%
Quelques données d'histoire Le manuscrit du discours fondateur a été acheté en 2019 par un milliardaire Peut désigner une salade ou une cigarette {russe}
0%
Fonctionnement Ng Ser Miang {singapourienne}
0%
Les symboles - Flamme par le Son coup peut être douloureux {soleil}
0%
Fonctionnement Les membres exécutifs sont de nationalité... Gunilla Lindberg {suédoise}
0%
Fonctionnement Wu Ching-Kuo {taïwanaise}
0%
Fonctionnement Il y a 4 vice-présidents qui sont de nationalité... Ugur Erderner {turque}
0%
Les symboles - Flamme Pendant l'antiquité, une flamme brûle pendant tous les jeux sur l'autel de Roi des dieux {Zeus}
0%
Aucun quiz correspondant
Distribution des résultats
% des personnes avec chaque résultat
Percentile par nombre de réponses
Votre historique - résultats
Vous n’avez pas pris ce quiz